Protecting the nation's groundwater from contamination.

Bibliographic Details
Corporate Authors: United States. Congress. Office of Technology Assessment, ProQuest (Firm)
Format: Government Document eBook
Language:English
Published: Washington, D.C. : Congress of the U.S., Office of Technology Assessment, [1984-]
Series:U.S. Congressional Research.
Subjects:
Online Access:Connect to the full text of this electronic book
Connect to the full text of this electronic book

MARC

Tag First Indicator Second Indicator Subfields
LEADER 00000cam a22000001a 4500
001 in00003280430
006 m d f
007 cr bn mmmapmmp
008 101011s1984 dcuab o f000 0 eng d
005 20260430212318.2
035 |a cis2007814457 
040 |a LexisNexis  |c LexisNexis  |d UtOrBLW 
043 |a n-us--- 
074 |a 1070-M 
086 0 |a Y 3.T 22/2:2G 91/v.1-2 
088 |a OTA-O-233 
088 |a OTA-O-276 
099 |a CMP-1984-OTA-0058 
099 |a CMP-1984-OTA-0055 
110 1 |a United States.  |b Congress.  |b Office of Technology Assessment. 
245 1 0 |a Protecting the nation's groundwater from contamination. 
264 1 |a Washington, D.C. :  |b Congress of the U.S., Office of Technology Assessment,  |c [1984-] 
300 |a 1 online resource. 
336 |a text  |b txt  |2 rdacontent 
337 |a computer  |b c  |2 rdamedia 
338 |a online resource  |b cr  |2 rdacarrier 
500 |a Record is based on bibliographic data in LexisNexis U.S. Congressional Research Digital Collection. Reuse except for individual research requires license from LexisNexis. 
500 |a Electronic resource. 
650 0 |a Groundwater  |x Pollution  |z United States  |x Prevention. 
650 0 |a Water quality  |x Government policy  |z United States. 
655 7 |a Electronic books.  |2 local 
710 2 |a ProQuest (Firm) 
776 0 8 |i Print version:   |t Protecting the nation's groundwater from contamination  |w gp 85005611  |w (OCoLC)11377932  |z 84601126 
776 0 8 |i Microfiche version:   |t Protecting the nation's groundwater from contamination  |d [Bethesda, Md.] : LexisNexis Academic & Library Solutions,1984.  |o CIS 84 J952-46 (v.2)  |o CIS 84 J952-44 (v.1)  |w (LexisNexis)cis08401740 
830 0 |a U.S. Congressional Research. 
856 4 0 |u http://proxy.library.tamu.edu/login?url=https://congressional.proquest.com/congcomp/getdoc?CRDC-ID=CMP-1984-OTA-0058  |z Connect to the full text of this electronic book  |t 0 
856 4 0 |u http://proxy.library.tamu.edu/login?url=https://congressional.proquest.com/congcomp/getdoc?CRDC-ID=CMP-1984-OTA-0055  |z Connect to the full text of this electronic book  |t 0 
998 |a cis08401740 
999 |a MARS 
999 f f |s 053c0e33-9097-3255-a467-54db22280259  |i bf4c3c54-6c61-3025-b29a-5f4f6983899a  |t 0 
952 f f |a Texas A&M University  |b College Station  |c Electronic Resources  |s www_evans  |d Available Online  |t 0  |e CMP-1984-OTA-0055  |h Other scheme 
998 f f |a CMP-1984-OTA-0055  |t 0  |l Available Online